00611nam a2200169Ia 4500008004100000100001800041245009400059245004500153260003000198260000900228300001000237650001800247650001500265856006900280999001900349952007300368170221s9999 xx 000 0 und d aArtur Janicki aWhy Do Older Adults Prefer Some Radio Stations? Helping to Increase Speech Understanding  cArtur Janicki and Krzysztof Szczypiorski bJournal of Communications c2012 aX : 2 xCommunication xMedia Arts uhttp://www.jocm.us/index.php?m=content&c=index&a=lists&catid=153 c309045d309045 001040aCLbCLd2017-02-21l0r2017-02-21 00:00:00w2017-02-21yFOJ